| 000 | 00842nam a22002777a 4500 | ||
|---|---|---|---|
| 003 | BPGM | ||
| 008 | 260703m2016 mx a|||b||||| 00| j spa d | ||
| 020 | _a978-1-78445-766-2 | ||
| 040 | _bspa | ||
| 041 |
_aspa _hspa |
||
| 082 | 0 | 4 |
_21a . _aI / 745.592 / _bH666 |
| 100 | _9HINTON, STEPH | ||
| 110 | _aDREAMS ART S.A. DE C.V. | ||
| 245 | _aAPRENDEMOS A ENTRELASAR VEHÍCULOS | ||
| 250 |
_a1a _b2016 |
||
| 260 |
_aMéxico _bDreams Art S.A. de C.V _c2016 |
||
| 300 |
_a16 Páginas _c28 cm. x 21.9 cm. |
||
| 336 |
_2rdacontent _atexto _btxt |
||
| 337 |
_2rdamedia _asin mediación _bn |
||
| 338 |
_2rdacarrier _avolumen _bnc |
||
| 490 | 0 |
_aAprendemos a entrelazar _vV. 1 |
|
| 650 | _2LAS ARTES BELLAS ARTES Y ARTES DECORATIVAS | ||
| 650 | _2DIBUJO Y ARTES DECORATIVAS | ||
| 650 | _2ARTES DECORATIVAS | ||
| 942 |
_2ddc _cBKN |
||
| 999 |
_c68751 _d68751 |
||